Ten ways to be adored when landing a Lord #2 / ... Read More
Available copies
- 2 of 2 copies available at LARL/NWRL Consortium.
Current holds
0 current holds with 2 total copies.
Show Only Available Copies
| Location | Call Number / Copy Notes | Barcode | Shelving Location | Status | Due Date |
|---|---|---|---|---|---|
| Roseau Public Library | pb MAC (Text) | 35500005971385 | Main | Available | - |
| Thief River Falls Public Library | pb (Text) | 35500004836241 | Main | Available | - |
Record details
- ISBN: 9780061852060 (pbk.) :
- ISBN: 0061852066 (pbk.)
- Physical Description: 373 p. ; 17 cm.
- Publisher: New York : Avon Books, 2010.
Content descriptions
| General Note: | Includes an excerpt from The Duke's night of sin (p. [359]-373). |
| Summary, etc.: | Since being named "London's Lord to Land" by a ... Read More |
Search for related items by subject
| Genre: | Love stories. Historical fiction. |
Search for related items by series
| LDR | 01814cam a2200289Ia 4500 | ||
|---|---|---|---|
| 001 | 127010 | ||
| 003 | LARL_NWRL_CONSORTIUM | ||
| 005 | 20101105063336.0 | ||
| 008 | 100217s2010 nyu 000 f eng d | ||
| 020 | . | ‡a9780061852060 (pbk.) : ‡c$7.99 | |
| 020 | . | ‡a0061852066 (pbk.) | |
| 035 | . | ‡a(OCoLC)526057743 | |
| 049 | . | ‡aNRG | |
| 082 | 0 | . | ‡a813.6 ‡222 |
| 100 | 1 | . | ‡aMacLean, Sarah. ‡0(LARL_NWRL_CONSORTIUM)199350 |
| 245 | 1 | 0. | ‡aTen ways to be adored when landing a Lord ‡n#2 / ‡cSarah MacLean. |
| 246 | 3 | . | ‡a10 ways to be adored when landing a Lord. |
| 260 | . | ‡aNew York : ‡bAvon Books, ‡c2010. | |
| 300 | . | ‡a373 p. ; ‡c17 cm. | |
| 490 | 0 | . | ‡aLove by numbers; ‡v2 |
| 500 | . | ‡aIncludes an excerpt from The Duke's night of sin (p. [359]-373). | |
| 520 | . | ‡aSince being named "London's Lord to Land" by a popular ladies" magazine, Nicholas St. John has been relentlessly pursued by every matrimony-minded female in the ton. So when an opportunity to escape fashionable society presents itself, he eagerly jumps only to land in the path of the most determined, damnably delicious woman he's ever met! The daughter's of a titled wastrel, Lady Isabel Townsend has too many secrets and too little money. Though she is used to taking care of herself quite handily, her father' recent passing has left Isabel at sea and in need of outside help to protect her young brother's birthright. The sinfully handsome, eminently eligible Lord Nicholas could be the very salvation she seeks. But the lady must be wary and not do anything reckless and foolish like falling madly, passionately in love. | |
| 655 | 0. | ‡aLove stories. | |
| 655 | 0. | ‡aHistorical fiction. | |
| 901 | . | ‡a127010 ‡bISxN ‡c127010 ‡tbiblio | |

Add to basket
Permalink
Enable Highlighting